[Event "Lancaran op-A"]
[Site "Lancaran"]
[Date "2025.07.13"]
[Round "9"]
[White "Idrisov, Tebriz Arif Oglu"]
[Black "Musayev, Eldar"]
[Result "1-0"]
[WhiteElo "2066"]
[BlackElo "2106"]
[PlyCount "113"]
[EventDate "2025.07.07"]
[EventType "swiss"]
[EventRounds "9"]
[EventCountry "AZE"]
[SourceTitle "CB29_2025"]
[SourceDate "2025.07.16"]
[SourceVersion "1"]
[SourceVersionDate "2025.07.16"]
[SourceQuality "1"]

1. Nf3 d5 2. b3 Nf6 3. Bb2 Bf5 4. e3 h6 5. Be2 e6 6. 0-0 Nbd7 7. c4 Bd6 8. d3 Qe7 9. Nbd2 0-0 10. Re1 c6 11. d4 Rad8 12. a3 Bh7 13. b4 e5 14. dxe5 Nxe5 15. cxd5 Nxd5 16. Qb3 a6 17. Rad1 Rfe8 18. Nxe5 Bxe5 19. Nf3 Bxb2 20. Qxb2 Nf6 21. Bc4 Be4 22. Nd4 Bd5 23. Bf1 Ng4 24. h3 Ne5 25. Qc3 Qf6 26. e4 Be6 27. Nxe6 fxe6 28. Qe3 Ng6 29. g3 e5 30. Qb6 Qe7 31. h4 Nf8 32. Bh3 Nh7 33. Bf5 Nf6 34. Kg2 Kf7 35. Qe3 g6 36. Qb3+ Kg7 37. Bh3 Rxd1 38. Rxd1 Rd8 39. Rxd8 Qxd8 40. Qe6 Qe8 41. Qc8 Qe7 42. f3 h5 43. Qb8 Ne8 44. Qa7 Nd6 45. Qc5 Kf6 46. Kh2 Nb5 47. Qe3 Kg7 48. Bf1 Nd4 49. f4 Qf6 50. Qf2 exf4 51. gxf4 Ne6 52. Kg3 Qc3+ 53. Kh2 Nd4 54. Bg2 Qd3 55. a4 Ne6 56. Qb6 Nxf4 57. Qc7+ 1-0

[Event "Lancaran op-A"]
[Site "Lancaran"]
[Date "2025.07.11"]
[Round "6"]
[White "Idrisov, Tebriz Arif Oglu"]
[Black "Jafarli, Babak"]
[Result "1-0"]
[WhiteElo "2066"]
[BlackElo "2151"]
[PlyCount "85"]
[EventDate "2025.07.07"]
[EventType "swiss"]
[EventRounds "9"]
[EventCountry "AZE"]
[SourceTitle "CB29_2025"]
[SourceDate "2025.07.16"]
[SourceVersion "1"]
[SourceVersionDate "2025.07.16"]
[SourceQuality "1"]

1. d4 Nf6 2. Nf3 c5 3. d5 e6 4. c4 exd5 5. cxd5 d6 6. Nc3 g6 7. Bf4 Bg7 8. Qa4+ Bd7 9. Qb3 Qc7 10. Nd2 Nh5 11. Bg5 h6 12. Bh4 g5 13. Bg3 Nxg3 14. hxg3 0-0 15. e3 a6 16. a4 Bf5 17. e4 Bh7 18. g4 Nd7 19. Be2 Rfe8 20. g3 c4 21. Qb4 Ne5 22. Kf1 Rac8 23. Kg2 Qc5 24. Qxc5 Rxc5 25. a5 Rec8 26. Ra3 Nd3 27. Bxd3 cxd3 28. f3 Bg6 29. Ndb1 Bf6 30. Rd1 Bd8 31. b4 Rc4 32. Rb3 Rd4 33. Nd2 b5 34. axb6 Bxb6 35. Ra1 Bd8 36. Rxa6 Rb8 37. b5 Bb6 38. Na4 Bd8 39. Kf2 f6 40. Ke3 Rxa4 41. Rxa4 Bb6+ 42. Kxd3 Be8 43. Ra6 1-0

[Event "Lancaran op-A"]
[Site "Lancaran"]
[Date "2025.07.11"]
[Round "7"]
[White "Rzayev, Askar Aliakbar"]
[Black "Idrisov, Tebriz Arif Oglu"]
[Result "1/2-1/2"]
[WhiteElo "2079"]
[BlackElo "2066"]
[PlyCount "121"]
[EventDate "2025.07.07"]
[EventType "swiss"]
[EventRounds "9"]
[EventCountry "AZE"]
[SourceTitle "CB29_2025"]
[SourceDate "2025.07.16"]
[SourceVersion "1"]
[SourceVersionDate "2025.07.16"]
[SourceQuality "1"]

1. b3 c5 2. Bb2 Nc6 3. Nf3 d5 4. e3 Nf6 5. Bb5 Bg4 6. h3 Bxf3 7. Bxc6+ bxc6 8. Qxf3 e6 9. 0-0 Be7 10. d3 0-0 11. c4 Nd7 12. Qe2 f5 13. Nc3 Bd6 14. Rac1 Qe7 15. Na4 f4 16. exf4 Rxf4 17. Rce1 e5 18. g3 Rf5 19. f4 Raf8 20. Kg2 h5 21. fxe5 Bxe5 22. Bxe5 Nxe5 23. Rxf5 Rxf5 24. Rf1 Rxf1 25. Kxf1 Qg5 26. Kg2 h4 27. g4 Ng6 28. Qe6+ Kh8 29. Qc8+ Kh7 30. Qf5 Qxf5 31. gxf5 Nf4+ 32. Kf3 Nxh3 33. cxd5 Ng5+ 34. Kg4 h3 35. Kg3 cxd5 36. Nxc5 Nf7 37. Kxh3 Nh6 38. Kg3 Nxf5+ 39. Kf4 Ne7 40. Ke5 g5 41. Ne6 Kh6 42. Kd6 g4 43. Nd4 g3 44. Kxe7 g2 45. Ne2 Kg5 46. Ke6 Kg4 47. Ng1 Kf4 48. Kxd5 Ke3 49. Ke5 Kxd3 50. b4 Kc4 51. a3 Kb3 52. Kd4 Kxa3 53. Kc3 Ka4 54. Kc4 Ka3 55. Nf3 Ka4 56. b5 Ka5 57. Kc5 Ka4 58. Ng1 Ka5 59. Kc6 Kb4 60. Nf3 Kc4 61. Kd6 1/2-1/2

[Event "Lancaran op-A"]
[Site "Lancaran"]
[Date "2025.07.10"]
[Round "5"]
[White "Idrisov, Tebriz Arif Oglu"]
[Black "Bagishov, Anar"]
[Result "1-0"]
[WhiteElo "2066"]
[BlackElo "1845"]
[PlyCount "111"]
[EventDate "2025.07.07"]
[EventType "swiss"]
[EventRounds "9"]
[EventCountry "AZE"]
[SourceTitle "CB29_2025"]
[SourceDate "2025.07.16"]
[SourceVersion "1"]
[SourceVersionDate "2025.07.16"]
[SourceQuality "1"]

1. Nf3 Nf6 2. d4 g6 3. Bg5 Bg7 4. Nbd2 d5 5. e3 0-0 6. Bd3 c5 7. c3 cxd4 8. cxd4 Nc6 9. 0-0 h6 10. Bh4 g5 11. Bg3 Nh5 12. Ne5 Nxg3 13. Nxc6 bxc6 14. hxg3 f5 15. Rc1 Bd7 16. f4 g4 17. Nb3 e6 18. Nc5 Rf7 19. Qc2 Rb8 20. Nxd7 Qxd7 21. Qxc6 Rxb2 22. Rf2 Rb6 23. Qc8+ Qxc8 24. Rxc8+ Bf8 25. Rfc2 Re7 26. a4 a5 27. Bb5 Reb7 28. Ra8 Kg7 29. Rxa5 Bb4 30. Ra8 Be1 31. Kh2 h5 32. Re2 Bb4 33. Rc8 Ra7 34. Kg1 Ba5 35. Kf2 Bb4 36. Rec2 Ba5 37. Re8 Bb4 38. Rcc8 Kf6 39. Rh8 Rg7 40. Rxh5 Kg6 41. Rch8 Kf6 42. R5h6+ Rg6 43. Rh1 Rg7 44. Rc1 Rg6 45. Rb1 Rg7 46. Re8 Bc3 47. Rc8 Ba5 48. Rbc1 Bb4 49. Rb1 Ba5 50. Ra8 Bc3 51. Ke2 Rc7 52. Kd3 Rbb7 53. Ra6 Ke7 54. Rh1 Bb4 55. Bc6 Ra7 56. Rxa7 1-0

[Event "Lancaran op-A"]
[Site "Lancaran"]
[Date "2025.07.07"]
[Round "1"]
[White "Idrisov, Tebriz Arif Oglu"]
[Black "Shirinov, Yashar"]
[Result "1-0"]
[WhiteElo "2066"]
[BlackElo "1774"]
[PlyCount "135"]
[EventDate "2025.07.07"]
[EventType "swiss"]
[EventRounds "9"]
[EventCountry "AZE"]
[SourceTitle "CB29_2025"]
[SourceDate "2025.07.16"]
[SourceVersion "1"]
[SourceVersionDate "2025.07.16"]
[SourceQuality "1"]

1. d4 d5 2. Nf3 Nf6 3. Bf4 c5 4. e3 Nc6 5. Be2 Bf5 6. 0-0 e6 7. Nh4 Be4 8. Nc3 Be7 9. a3 h6 10. Nf3 Bf5 11. dxc5 Bxc5 12. Nb5 0-0 13. b4 Be7 14. c4 dxc4 15. Bxc4 Rc8 16. Qb3 Qb6 17. Rad1 Ne4 18. Nbd4 Bg4 19. Nxe6 Na5 20. bxa5 Qxb3 21. Bxb3 Bxe6 22. Bxe6 fxe6 23. Rd7 Bxa3 24. Rxb7 Rf7 25. Rxf7 Kxf7 26. Rb1 Rc5 27. Ne5+ Kg8 28. f3 Nf6 29. Rb3 Rc1+ 30. Kf2 Rc2+ 31. Kf1 Bc5 32. Nd3 Nd5 33. Nxc5 Rxc5 34. Rb8+ Kh7 35. Re8 Nxf4 36. exf4 Rxa5 37. Rxe6 Ra2 38. f5 Kg8 39. f6 gxf6 40. Rxf6 Kg7 41. Rc6 a5 42. h4 a4 43. Ra6 a3 44. Kg1 Ra1+ 45. Kh2 a2 46. Kg3 Kf7 47. Kg4 Kg8 48. Kh5 Kg7 49. g4 Rf1 50. Rxa2 Rxf3 51. Ra7+ Kg8 52. Kxh6 Rf6+ 53. Kg5 Rb6 54. h5 Kh8 55. h6 Kg8 56. Kh5 Kh8 57. g5 Rb5 58. Re7 Rd5 59. Kg6 Rd6+ 60. Kf5 Rd5+ 61. Re5 Rd1 62. g6 Rd8 63. Re7 Rd5+ 64. Kf6 Rd8 65. Ke6 Ra8 66. Rd7 Re8+ 67. Kf7 Rf8+ 68. Ke7 1-0

[Event "AZE-ch 1st League"]
[Site "Baku"]
[Date "2025.01.12"]
[Round "7"]
[White "Rzayev, Chingiz Qafar Oglu"]
[Black "Idrisov, Tebriz Arif Oglu"]
[Result "1-0"]
[WhiteElo "2153"]
[BlackElo "2073"]
[PlyCount "61"]
[EventDate "2025.01.06"]
[EventType "swiss"]
[EventRounds "9"]
[EventCountry "AZE"]
[SourceTitle "CB03_2025"]
[SourceDate "2025.01.15"]
[SourceVersion "1"]
[SourceVersionDate "2025.01.15"]
[SourceQuality "1"]

1. e4 d6 2. Nc3 g6 3. f4 Bg7 4. Nf3 c6 5. d4 b5 6. Bd3 a6 7. Be3 Nf6 8. h3 0-0 9. 0-0 b4 10. Ne2 d5 11. e5 Ne4 12. Qe1 a5 13. Ng3 Nxg3 14. Qxg3 f5 15. exf6 exf6 16. f5 g5 17. h4 h6 18. hxg5 hxg5 19. Rae1 Nd7 20. Qh2 Rf7 21. Kf2 Nf8 22. Rh1 Re7 23. Qg3 Re4 24. Nd2 Re8 25. Rh5 Ra7 26. Reh1 Rd7 27. Qh3 Kf7 28. Be2 Qc7 29. Rh8 Rxe3 30. Bh5+ Ke7 31. Qxe3+ 1-0

[Event "AZE-ch 1st League"]
[Site "Baku"]
[Date "2025.01.07"]
[Round "2"]
[White "Idrisov, Tebriz Arif Oglu"]
[Black "Baghirov, Mahammad"]
[Result "1/2-1/2"]
[WhiteElo "2073"]
[BlackElo "1932"]
[PlyCount "92"]
[EventDate "2025.01.06"]
[EventType "swiss"]
[EventRounds "9"]
[EventCountry "AZE"]
[SourceTitle "CB03_2025"]
[SourceDate "2025.01.15"]
[SourceVersion "1"]
[SourceVersionDate "2025.01.15"]
[SourceQuality "1"]

1. Nf3 Nf6 2. b3 d5 3. Bb2 Bf5 4. g3 h6 5. Bg2 e6 6. 0-0 Be7 7. d3 0-0 8. Nbd2 Nbd7 9. c4 c6 10. a3 a5 11. cxd5 exd5 12. Nd4 Bh7 13. Bh3 Re8 14. Qc2 Bd6 15. Rfe1 Ne5 16. f4 Ned7 17. e4 Nc5 18. Nf5 Bf8 19. e5 Nfd7 20. Kh1 Ne6 21. Rf1 Qb6 22. Rae1 Rad8 23. Qc3 Qc5 24. Qxc5 Ndxc5 25. Rf3 Na6 26. Rfe3 Bc5 27. R3e2 Bxf5 28. Bxf5 Nd4 29. Bxd4 Bxd4 30. e6 Bc3 31. exf7+ Kxf7 32. Rxe8 Rxe8 33. Rxe8 Kxe8 34. Nb1 d4 35. Kg2 Nc5 36. Kf3 Nxb3 37. h4 Ke7 38. g4 a4 39. g5 b5 40. Be4 Kd6 41. f5 hxg5 42. h5 g4+ 43. Kxg4 Ke5 44. Bxc6 b4 45. axb4 Bxb4 46. Bxa4 Nd2 1/2-1/2

[Event "AZE-ch 1st League"]
[Site "Baku"]
[Date "2025.01.06"]
[Round "1"]
[White "Garayev, Kanan Farzali Oglu"]
[Black "Idrisov, Tebriz Arif Oglu"]
[Result "1-0"]
[WhiteElo "2340"]
[BlackElo "2073"]
[PlyCount "109"]
[EventDate "2025.01.06"]
[EventType "swiss"]
[EventRounds "9"]
[EventCountry "AZE"]
[SourceTitle "CB03_2025"]
[SourceDate "2025.01.15"]
[SourceVersion "1"]
[SourceVersionDate "2025.01.15"]
[SourceQuality "1"]

1. d4 Nf6 2. c4 e6 3. g3 d5 4. Bg2 Be7 5. Nf3 0-0 6. 0-0 Nbd7 7. Nc3 c6 8. Nd2 dxc4 9. Nxc4 Nb6 10. b3 Nbd5 11. Bb2 b5 12. Ne5 Bb7 13. Rc1 Qb6 14. Ne4 Rac8 15. Nc5 Rfd8 16. Qc2 Ba8 17. a3 a5 18. e4 Nc7 19. f4 Na6 20. Ned3 Nxc5 21. Nxc5 Nd7 22. f5 e5 23. b4 Bf6 24. bxa5 Qa7 25. Rfd1 Nxc5 26. Qxc5 Qxc5 27. dxc5 Bg5 28. Rxd8+ Rxd8 29. Rc2 f6 30. a6 Be3+ 31. Kf1 Kf8 32. Ke2 Bh6 33. Bc3 Rd7 34. a4 bxa4 35. Ra2 Ke7 36. Rxa4 g5 37. Bd2 Ra7 38. h4 Kd7 39. hxg5 fxg5 40. Bc3 Bg7 41. Bf3 Ke7 42. Ke3 Kf6 43. Be2 Bf8 44. Ra5 Rd7 45. g4 Be7 46. Kf3 h6 47. Be1 Rd8 48. Bf2 Rb8 49. Bc4 Rb2 50. Be6 Bf8 51. Ra1 h5 52. gxh5 g4+ 53. Kg3 Bh6 54. Ra2 Rb4 55. Re2 1-0

[Event "Guba op"]
[Site "Guba"]
[Date "2023.02.12"]
[Round "8"]
[White "Idrisov, Tebriz Arif Oglu"]
[Black "Abdulkarimli, Eljan"]
[Result "1/2-1/2"]
[WhiteElo "2092"]
[BlackElo "1838"]
[PlyCount "60"]
[EventDate "2023.02.07"]
[EventType "swiss"]
[EventRounds "9"]
[EventCountry "AZE"]
[SourceTitle "CBM 212 Extra"]
[Source "ChessBase"]
[SourceDate "2023.03.31"]
[SourceVersion "1"]
[SourceVersionDate "2023.03.31"]
[SourceQuality "1"]

1. d4 e6 2. c4 Nf6 3. Nc3 Bb4 4. e3 0-0 5. Nge2 d5 6. cxd5 exd5 7. a3 Bd6 8. Nb5 Be7 9. Nf4 c6 10. Nc3 Bd6 11. Be2 Qc7 12. h3 Bf5 13. g4 Bc8 14. Kf1 a5 15. Qc2 b6 16. Bf3 Re8 17. Bd2 Ra7 18. g5 Nfd7 19. Nce2 Nf8 20. h4 g6 21. Rd1 Bf5 22. Qc1 Qc8 23. Bg2 Ne6 24. Nh3 Ng7 25. Nhf4 Ne6 26. Nh3 Ng7 27. Nhf4 Ne6 28. Nh3 Bd3 29. Bc3 Ba6 30. Qc2 Rae7 1/2-1/2

[Event "Baku Aslanov Memorial"]
[Site "Baku"]
[Date "2017.08.09"]
[Round "10"]
[White "Soyunlu, Narmin Asat Qizi"]
[Black "Idrisov, Tebriz Arif Oglu"]
[Result "1-0"]
[WhiteElo "2011"]
[BlackElo "2271"]
[PlyCount "39"]
[EventDate "2017.08.02"]
[EventType "schev"]
[EventRounds "10"]
[EventCountry "AZE"]
[SourceTitle "CBM 180 Extra"]
[Source "ChessBase"]
[SourceDate "2017.10.06"]
[SourceVersion "1"]
[SourceVersionDate "2017.10.06"]
[SourceQuality "1"]
[WhiteTeam "Young Stars"]
[BlackTeam "Experts"]
[WhiteTeamCountry "AZE"]
[BlackTeamCountry "AZE"]

1. c4 e5 2. g3 Nc6 3. Bg2 d6 4. Nc3 Be6 5. Nd5 Qd7 6. d3 0-0-0 7. Bd2 Nf6 8. b4 h5 9. h4 Be7 10. b5 Nd4 11. a4 c6 12. bxc6 bxc6 13. Nxe7+ Qxe7 14. e3 Nf5 15. Bxc6 Qc7 16. Bg2 Ne7 17. Ne2 Rhg8 18. Rb1 g5 19. Rb7 Qc5 20. Bb4 1-0

[Event "Baku Aslanov Memorial"]
[Site "Baku"]
[Date "2017.08.08"]
[Round "9"]
[White "Idrisov, Tebriz Arif Oglu"]
[Black "Shahaliyev, Ismayil Bahram"]
[Result "0-1"]
[WhiteElo "2271"]
[BlackElo "2379"]
[PlyCount "74"]
[EventDate "2017.08.02"]
[EventType "schev"]
[EventRounds "10"]
[EventCountry "AZE"]
[SourceTitle "CBM 180 Extra"]
[Source "ChessBase"]
[SourceDate "2017.10.06"]
[SourceVersion "1"]
[SourceVersionDate "2017.10.06"]
[SourceQuality "1"]
[WhiteTeam "Experts"]
[BlackTeam "Young Stars"]
[WhiteTeamCountry "AZE"]
[BlackTeamCountry "AZE"]

1. d4 e6 2. c4 Nf6 3. Nc3 Bb4 4. e3 d5 5. cxd5 exd5 6. Nge2 0-0 7. a3 Bd6 8. Ng3 Re8 9. Bd3 b6 10. 0-0 Ba6 11. Bxa6 Nxa6 12. Qd3 Nb8 13. Bd2 Nbd7 14. Rac1 c5 15. Nce2 c4 16. Qc2 b5 17. f3 Qb6 18. Kh1 a5 19. Rcd1 Qc6 20. Bc1 b4 21. Nf5 Bf8 22. Nf4 g6 23. Ng3 Nb6 24. Rfe1 Qa4 25. Qxa4 Nxa4 26. axb4 axb4 27. e4 c3 28. Nd3 b3 29. Bg5 Nd7 30. bxc3 Nxc3 31. Rc1 Nb5 32. Be3 Na3 33. exd5 Nc2 34. Bd2 Nxe1 35. Bxe1 b2 36. Nxb2 Ba3 37. Bc3 Rab8 0-1

[Event "Baku Aslanov Memorial"]
[Site "Baku"]
[Date "2017.08.06"]
[Round "6"]
[White "Hojjatova, Aydan Hikmat Qizi"]
[Black "Idrisov, Tebriz Arif Oglu"]
[Result "1-0"]
[WhiteElo "2308"]
[BlackElo "2271"]
[PlyCount "47"]
[EventDate "2017.08.02"]
[EventType "schev"]
[EventRounds "10"]
[EventCountry "AZE"]
[SourceTitle "CBM 180 Extra"]
[Source "ChessBase"]
[SourceDate "2017.10.06"]
[SourceVersion "1"]
[SourceVersionDate "2017.10.06"]
[SourceQuality "1"]
[WhiteTeam "Young Stars"]
[BlackTeam "Experts"]
[WhiteTeamCountry "AZE"]
[BlackTeamCountry "AZE"]

1. e4 d6 2. d4 g6 3. Nc3 Bg7 4. Bg5 c6 5. Qd2 b5 6. f4 Nf6 7. Bd3 0-0 8. a3 a6 9. Nf3 Nbd7 10. e5 Ne8 11. 0-0-0 Bb7 12. Rde1 f6 13. exf6 Bxf6 14. h4 Ng7 15. Ne4 Rc8 16. g4 c5 17. Bh6 Bxe4 18. Bxe4 e6 19. g5 Be7 20. h5 Qe8 21. hxg6 hxg6 22. Bxg7 Kxg7 23. Rh7+ Kxh7 24. Qh2+ 1-0

[Event "Baku Aslanov Memorial"]
[Site "Baku"]
[Date "2017.08.06"]
[Round "7"]
[White "Idrisov, Tebriz Arif Oglu"]
[Black "Ahmadzada, Ahmad Samir"]
[Result "1-0"]
[WhiteElo "2271"]
[BlackElo "2340"]
[PlyCount "87"]
[EventDate "2017.08.02"]
[EventType "schev"]
[EventRounds "10"]
[EventCountry "AZE"]
[SourceTitle "CBM 180 Extra"]
[Source "ChessBase"]
[SourceDate "2017.10.06"]
[SourceVersion "1"]
[SourceVersionDate "2017.10.06"]
[SourceQuality "1"]
[WhiteTeam "Experts"]
[BlackTeam "Young Stars"]
[WhiteTeamCountry "AZE"]
[BlackTeamCountry "AZE"]

1. d4 Nf6 2. c4 c5 3. d5 e6 4. Nc3 exd5 5. cxd5 d6 6. Nf3 g6 7. Bf4 Bg7 8. h3 0-0 9. e3 Na6 10. Be2 Nc7 11. a4 a6 12. 0-0 Rb8 13. e4 Re8 14. Bd3 b5 15. axb5 axb5 16. Re1 b4 17. Na4 Bd7 18. Bh2 c4 19. Bxc4 Nxe4 20. Qc2 f5 21. Bf4 Qf6 22. Rab1 g5 23. Be3 g4 24. hxg4 fxg4 25. Bd4 Qf5 26. Nh4 Qf4 27. Be3 Qf6 28. g3 Kh8 29. Nb6 Qf7 30. Nxd7 Qxd7 31. Bd3 b3 32. Qc6 Qxc6 33. dxc6 Nc5 34. Bf5 Nd5 35. Bxc5 dxc5 36. Rxe8+ Rxe8 37. Rd1 Bd4 38. Bd7 Rf8 39. Nf5 Bxb2 40. Rxd5 c4 41. c7 c3 42. c8Q Rxc8 43. Bxc8 h5 44. Nd4 1-0

[Event "Baku Aslanov Memorial"]
[Site "Baku"]
[Date "2017.08.05"]
[Round "5"]
[White "Idrisov, Tebriz Arif Oglu"]
[Black "Soyunlu, Narmin Asat Qizi"]
[Result "1/2-1/2"]
[WhiteElo "2271"]
[BlackElo "2011"]
[PlyCount "48"]
[EventDate "2017.08.02"]
[EventType "schev"]
[EventRounds "10"]
[EventCountry "AZE"]
[SourceTitle "CBM 180 Extra"]
[Source "ChessBase"]
[SourceDate "2017.10.06"]
[SourceVersion "1"]
[SourceVersionDate "2017.10.06"]
[SourceQuality "1"]
[WhiteTeam "Experts"]
[BlackTeam "Young Stars"]
[WhiteTeamCountry "AZE"]
[BlackTeamCountry "AZE"]

1. d4 Nf6 2. c4 e6 3. Nc3 Bb4 4. Qc2 c5 5. dxc5 0-0 6. Nf3 Na6 7. a3 Bxc3+ 8. Qxc3 Nxc5 9. b4 Nce4 10. Qd4 a5 11. Bb2 axb4 12. axb4 Rxa1+ 13. Bxa1 d5 14. e3 dxc4 15. Qxd8 Rxd8 16. Bxf6 Nxf6 17. Bxc4 Nd5 18. Bxd5 Rxd5 19. Ke2 Bd7 20. Rd1 Rxd1 21. Kxd1 Kf8 22. Kd2 Ke7 23. e4 f6 24. Ke3 Kd6 1/2-1/2

[Event "Baku Aslanov Memorial"]
[Site "Baku"]
[Date "2017.08.04"]
[Round "4"]
[White "Shahaliyev, Ismayil Bahram"]
[Black "Idrisov, Tebriz Arif Oglu"]
[Result "1/2-1/2"]
[WhiteElo "2379"]
[BlackElo "2271"]
[PlyCount "43"]
[EventDate "2017.08.02"]
[EventType "schev"]
[EventRounds "10"]
[EventCountry "AZE"]
[SourceTitle "CBM 180 Extra"]
[Source "ChessBase"]
[SourceDate "2017.10.06"]
[SourceVersion "1"]
[SourceVersionDate "2017.10.06"]
[SourceQuality "1"]
[WhiteTeam "Young Stars"]
[BlackTeam "Experts"]
[WhiteTeamCountry "AZE"]
[BlackTeamCountry "AZE"]

1. Nf3 c5 2. c4 Nf6 3. Nc3 e6 4. g3 b6 5. Bg2 Bb7 6. 0-0 Be7 7. b3 0-0 8. Bb2 d5 9. cxd5 Nxd5 10. d4 Nxc3 11. Bxc3 Nd7 12. Rc1 Rc8 13. Qd2 Nf6 14. Bb2 cxd4 15. Qxd4 Qxd4 16. Nxd4 Bxg2 17. Kxg2 Nd5 18. Nb5 Rc5 19. a4 a6 20. Na3 Rfc8 21. Rxc5 Rxc5 22. Rc1 1/2-1/2

[Event "Baku Aslanov Memorial"]
[Site "Baku"]
[Date "2017.08.03"]
[Round "2"]
[White "Ahmadzada, Ahmad Samir"]
[Black "Idrisov, Tebriz Arif Oglu"]
[Result "1/2-1/2"]
[WhiteElo "2340"]
[BlackElo "2271"]
[PlyCount "148"]
[EventDate "2017.08.02"]
[EventType "schev"]
[EventRounds "10"]
[EventCountry "AZE"]
[SourceTitle "CBM 180 Extra"]
[Source "ChessBase"]
[SourceDate "2017.10.06"]
[SourceVersion "1"]
[SourceVersionDate "2017.10.06"]
[SourceQuality "1"]
[WhiteTeam "Young Stars"]
[BlackTeam "Experts"]
[WhiteTeamCountry "AZE"]
[BlackTeamCountry "AZE"]

1. c4 e5 2. g3 g6 3. Bg2 Bg7 4. Nc3 Ne7 5. Nf3 Nbc6 6. 0-0 0-0 7. d3 d6 8. Nd5 Be6 9. Ng5 Bd7 10. f4 h6 11. Ne4 f5 12. Nec3 Rb8 13. Be3 Nd4 14. Bf2 c6 15. Nxe7+ Qxe7 16. e3 Ne6 17. d4 exd4 18. exd4 Qf6 19. d5 Nd4 20. Ne2 Nxe2+ 21. Qxe2 c5 22. Rab1 b5 23. b4 Rfe8 24. Qc2 cxb4 25. c5 Qc3 26. Qd1 dxc5 27. Rc1 Qa3 28. Rxc5 Qxa2 29. Rc7 Rbd8 30. d6 Kh7 31. Rxa7 Qe2 32. Qb1 Qd2 33. Rd1 Qc3 34. Rd3 Qf6 35. Qxb4 Re2 36. Rd2 Rxd2 37. Qxd2 Kh8 38. h3 h5 39. h4 Kh7 40. Kh2 Kh6 41. Bb6 Rb8 42. Bc5 Qe6 43. Bd5 Qe8 44. Qe3 Qxe3 45. Bxe3 Re8 46. Bc5 Re2+ 47. Kh1 Rd2 48. Bg2 Rc2 49. Bb4 Rb2 50. Ba5 Ra2 51. Bd5 Ra1+ 52. Kh2 b4 53. Rxd7 Rxa5 54. Bf7 Bf8 55. Bg8 Bg7 56. Re7 Ra6 57. d7 Rd6 58. Kh3 Rd2 59. Bf7 Bf6 60. Re8 Rxd7 61. Be6 Rd2 62. Bc4 Rc2 63. Bd5 Bd4 64. Rb8 Bg1 65. Bg2 Rb2 66. Rb7 b3 67. Rb8 Kg7 68. Rb5 Kf6 69. Rb7 Ke6 70. Rb5 Kf6 71. Rb7 Ke6 72. Rb5 Kd6 73. Rd5+ Kc7 74. Rb5 Kd6 1/2-1/2

[Event "Nakhchivan op"]
[Site "Nakhchivan"]
[Date "2017.05.10"]
[Round "8"]
[White "Gadimbayli, Abdulla Azar"]
[Black "Idrisov, Tebriz Arif Oglu"]
[Result "1-0"]
[WhiteElo "2382"]
[BlackElo "2333"]
[PlyCount "69"]
[EventDate "2017.05.03"]
[EventType "swiss"]
[EventRounds "9"]
[EventCountry "AZE"]
[SourceTitle "EXT 2018"]
[Source "ChessBase"]
[SourceDate "2017.10.13"]
[SourceVersion "1"]
[SourceVersionDate "2017.10.13"]
[SourceQuality "1"]

1. e4 c5 2. Nf3 d6 3. d4 cxd4 4. Nxd4 Nf6 5. Nc3 a6 6. Qd3 Nbd7 7. Be2 e6 8. a4 b6 9. Qg3 Bb7 10. f3 Be7 11. Qxg7 Rg8 12. Qh6 Rxg2 13. Qh3 Rg8 14. Be3 Qc7 15. 0-0-0 Ne5 16. Rhg1 Rxg1 17. Bxg1 Ng6 18. Be3 Rc8 19. Qf1 Ra8 20. Kb1 Kf8 21. Rd2 Kg8 22. f4 b5 23. f5 b4 24. fxg6 hxg6 25. Na2 Nxe4 26. Rd1 e5 27. Nf5 Bf6 28. Nh6+ Kf8 29. Bf3 Bg7 30. Qg2 d5 31. Bxe4 dxe4 32. Rf1 Bd5 33. Nxb4 Be6 34. Qxg6 Re8 35. Bc5+ 1-0

[Event "AZE-ch 72nd"]
[Site "Baku"]
[Date "2017.03.15"]
[Round "9"]
[White "Bashirli, Nail Qoshqar"]
[Black "Idrisov, Tebriz Arif Oglu"]
[Result "1-0"]
[WhiteElo "2369"]
[BlackElo "2315"]
[PlyCount "73"]
[EventDate "2017.03.07"]
[EventType "swiss"]
[EventRounds "9"]
[EventCountry "AZE"]
[SourceTitle "CBM 177 Extra"]
[Source "ChessBase"]
[SourceDate "2017.04.27"]
[SourceVersion "1"]
[SourceVersionDate "2017.04.27"]
[SourceQuality "1"]

1. e4 c5 2. Nf3 d6 3. d4 cxd4 4. Nxd4 Nf6 5. Nc3 a6 6. Bg5 e6 7. f4 Be7 8. Qf3 Nbd7 9. 0-0-0 Qc7 10. g4 h6 11. Bxf6 Bxf6 12. h4 Qb6 13. Nb3 Be7 14. Be2 Nc5 15. e5 Nxb3+ 16. axb3 dxe5 17. fxe5 Qa5 18. Rhf1 Rf8 19. Qg3 Bd7 20. Kb1 0-0-0 21. Bf3 Be8 22. Rxd8+ Qxd8 23. Ne4 Bc6 24. Nd6+ Bxd6 25. exd6 Bd7 26. Qe1 Qb6 27. Qc3+ Kb8 28. Qxg7 Rc8 29. Qxf7 Qb5 30. Be4 Bc6 31. Bd3 Qd5 32. Qe7 Rg8 33. Bc4 Qd2 34. Bxe6 Qe2 35. Qc7+ Ka7 36. Bc4 Qg2 37. d7 1-0

[Event "AZE-ch 72nd"]
[Site "Baku"]
[Date "2017.03.12"]
[Round "6"]
[White "Iskandarov, Misratdin"]
[Black "Idrisov, Tebriz Arif Oglu"]
[Result "1-0"]
[WhiteElo "2426"]
[BlackElo "2315"]
[PlyCount "117"]
[EventDate "2017.03.07"]
[EventType "swiss"]
[EventRounds "9"]
[EventCountry "AZE"]
[SourceTitle "CBM 177 Extra"]
[Source "ChessBase"]
[SourceDate "2017.04.27"]
[SourceVersion "1"]
[SourceVersionDate "2017.04.27"]
[SourceQuality "1"]

1. c4 Nf6 2. Nc3 c5 3. Nf3 d6 4. d4 cxd4 5. Nxd4 a6 6. g3 e6 7. Bg2 Be7 8. 0-0 0-0 9. b3 Nbd7 10. a4 Qc7 11. Ba3 g6 12. Rc1 Nc5 13. b4 Ncd7 14. a5 Rb8 15. Na4 e5 16. Nb3 b6 17. Nc3 Bb7 18. e4 Ba8 19. Nd5 Nxd5 20. exd5 bxa5 21. Nxa5 Rbc8 22. Qd2 Rfe8 23. Rfd1 Bf8 24. c5 dxc5 25. d6 Qxd6 26. Qxd6 Bxd6 27. Rxd6 cxb4 28. Rxc8 Rxc8 29. Bxb4 Rc1+ 30. Bf1 Bf3 31. Nb3 Rc7 32. Nd2 Bg4 33. Bxa6 Kg7 34. f3 Be6 35. Rd3 Bf5 36. Re3 f6 37. Rc3 Ra7 38. Bd3 Be6 39. Bc4 Bxc4 40. Rxc4 Nb6 41. Rc5 Rd7 42. Rc6 Nd5 43. Rd6 Rxd6 44. Bxd6 Kf7 45. Kf2 Ke6 46. Ba3 h5 47. Ne4 Nb6 48. Bb2 Nc4 49. Bc3 Nb6 50. Ba5 Nc4 51. Bd8 f5 52. Ng5+ Kd5 53. Nf7 e4 54. Nh8 Kd4 55. Nxg6 Kd3 56. Nf4+ Kd2 57. fxe4 fxe4 58. Ng2 Ne5 59. Bg5+ 1-0

[Event "AZE-ch 72nd"]
[Site "Baku"]
[Date "2017.03.10"]
[Round "4"]
[White "Ahmadov, Fariz"]
[Black "Idrisov, Tebriz Arif Oglu"]
[Result "0-1"]
[WhiteElo "2165"]
[BlackElo "2315"]
[PlyCount "46"]
[EventDate "2017.03.07"]
[EventType "swiss"]
[EventRounds "9"]
[EventCountry "AZE"]
[SourceTitle "CBM 177 Extra"]
[Source "ChessBase"]
[SourceDate "2017.04.27"]
[SourceVersion "1"]
[SourceVersionDate "2017.04.27"]
[SourceQuality "1"]

1. d4 Nf6 2. c4 e6 3. Nf3 b6 4. g3 Bb7 5. Bg2 Be7 6. 0-0 0-0 7. Nc3 Ne4 8. d5 Nxc3 9. bxc3 exd5 10. cxd5 c5 11. e4 d6 12. e5 dxe5 13. Nxe5 Bf6 14. Bf4 g5 15. Be4 Bg7 16. Qh5 f5 17. Bxg5 Qe8 18. Qxe8 Rxe8 19. Bxf5 Rxe5 20. Be6+ Kh8 21. f4 Re2 22. c4 Bd4+ 23. Kh1 Rxe6 0-1